000 01012nam a2200301 i 4500
001 bg
100 1 _aWESSELS, Duane
245 1 0 _aWeb caching :
_boptymalizacja dostępu /
_cDuane Wessels ; [tł. Grzegorz Werner].
246 _iTyt. oryg.:
_aWeb caching
260 _aWarszawa :
_b"RM",
_ccop. 2002.
300 _aXIV, 288, [1] s. :
_bil. ;
_c24 cm.
500 _aTyt. oryg.: "Web caching" 2001. Na okł. podtyt.: ograniczanie ruchu sieciowego.
504 _aBibliogr. Indeks.
650 9 _aProtokół (informat.)
650 9 _aPrzeglądarki internetowe
_xoprogramowanie
650 9 _aSieć komputerowa
650 9 _aStrony WWW
_xprojekty
655 _aPodręczniki
700 1 _aWERNER, Grzegorz.
_eTł.
020 _a8372432082
040 _cBPK
041 1 _apol
_heng
080 _a004.057.4:004.738.52:004.4'234](07)
920 _a83-7243-208-2
942 _cKS
008 s pl f |000 0 pol
999 _c44007
_d44007